000 00270nam a2200109Ia 4500
008 220714s9999 xx 000 0 und d
020 _a0 7172 5662 6
082 _aRef 150 PSYC
100 _aNo author, editors only
245 0 _aAbnormal Psychology Vol 6
942 _cBK
_w561
_xJohn Tresidder
_y561
_zJohn Tresidder
999 _c720286
_d720285